00536 2200217 4500001002100000005001500021035002000036245004400056100001500100250001100115300002500126700002100151260004700172082001400219084002000233020002200253650001000275990001100285990001100296990001100307INLIS00000000000193620251224012745 a0010-12250000121 aThe Bookstore Of Illusion /cSo Seo-rim0 aSo Seo-rim aCet. 1 avi, 226 hlm ;c20 cm0 aIntan Ekapratiwi aJakarta :bPT Elex Media Komputindo,c2025 a899.221'3 a899.221'3 SO t a978-623-00-7114-0 4aNovel a003998 a003997 a003996